Modelling of power system components (Record no. 393)

MARC details
000 -LEADER
Fixed length control field 00496nam a2200169 4500
003 - CONTROL NUMBER IDENTIFIER
Control field SEACOMEC
005 - DATE AND TIME OF LATEST TRANSACTION
Control field 20240102153347.0
008 - FIXED-LENGTH DATA ELEMENTS--GENERAL INFORMATION
Fixed length control field 240102b |||||||| |||| 00| 0 eng d
020 ## - INTERNATIONAL STANDARD BOOK NUMBER / ISBN
Price Rs,195.00
040 ## - CATALOGING SOURCE
Original cataloging agency SEACOMEC
082 ## - DEWEY DECIMAL CLASSIFICATION NUMBER
Classification number 621.3141
Book Number M984
100 ## - MAIN ENTRY--PERSONAL NAME
Personal name Murty,P.S.R.
245 1# - TITLE STATEMENT
Title Modelling of power system components
Statement of responsibility P.S.R. Murty
260 ## - IMPRINT
Place of publication Hyderabad
Name of publisher B S Publications
Date of publication 2004
650 ## - SUBJECT ADDED ENTRY--TOPICAL TERM
Topical term Technology,Generation, modification, storage, transmission of electric power
942 ## - ADDED ENTRY ELEMENTS (KOHA)
Koha item type Books
Holdings
Withdrawn status Lost status Source of classification Damaged status Not for loan Home library Current library Date acquired Total Checkouts Call number Accession number Date last seen Copy number Price effective from Koha item type
    Dewey Decimal Classification     SEACOM ENGINEERING COLLEGE SEACOM ENGINEERING COLLEGE 03/06/2006   621.3141 M984 01169 02/01/2024 2 02/01/2024 Books
    Dewey Decimal Classification     SEACOM ENGINEERING COLLEGE SEACOM ENGINEERING COLLEGE 03/06/2006   621.3141 M984 01170 02/01/2024 3 02/01/2024 Books
© Seacom Engineering College, All rights reserved.      Powered by Koha